000 00699nas a2200229 4500
001 BR7801599
003 BR-BrBNA
005 20231205083400.0
007 ta
008 230509b bl.|||p| |||| 00| 00por d
040 _aBR-BrBNA
_bpor
_cBiblioteca Nacional de Agricultura
041 _a(Pt)
072 _aL74
100 1 _aAnon.
245 1 _aMeteorismo pode ser causado pela excessiva ingestao de leguminosas [bovino, disturbio animal]
650 _aBOVINO
650 _aLEGUMINOSA FORRAGEIRA
650 _aINDIGESTAO
773 0 _tAgricultura e Pecuaria (Brazil)
_xISSN 0100-249X
_g(Dec 1977), (no. 621) p. 32
_wBR7801599
909 _a202311
_bLúcia
_c55
_dLúcia Elande
942 _2AGRIS
_n0
_cANA
999 _c98357
_d98357